000 00761nam a2200241 a 4500
001 BRCA_1946
005 20190320203618.0
008 891114s1988 uk-a---##b---#001-0#eng-#
020 _a0525246134
040 _aDLC
_cDLC
_dDLC
050 4 _aNK789.5
_b.E53 1988
245 1 0 _aEncyclopedia of Art Deco
_cedited by Alastair Duncan.
260 _aGreat Britain
_bHeadline Book Publishing
_c1988
300 _a192 p.
_bil. (algunas a color)
_c27 cm.
500 _aIncluye índice de ilustraciones
504 _aBibliografía: p. 186-187
650 1 4 _aDecoración y ornamentación
_xArt deco
_92288
650 1 4 _aArtes decorativas
_xHistoria
_ySiglo XX
_92311
700 1 _aDuncan, Alastair
_d1942-
_92285
740 0 _aArt decó
902 _aREF
942 _2lcc
_cB
999 _c1716
_d1716